تحميل...
Vector analysis
| المؤلف الرئيسي: | |
|---|---|
| التنسيق: | Printed Book |
| منشور في: |
ELBS, London
1975
|
| الطبعة: | 2 |
| الموضوعات: |
| LEADER | 00493nam a2200193 4500 | ||
|---|---|---|---|
| 020 | |||
| 082 | |a 515.63 SPA-V2 | ||
| 100 | |a Spain, Barry | ||
| 245 | |a Vector analysis | ||
| 250 | |a 2 | ||
| 260 | |a ELBS, London |c 1975 | ||
| 300 | |a 114 | ||
| 490 | |||
| 500 | |||
| 590 | |a rvr | ||
| 650 | |a Vector, tensor, spinor analysis; Mathematics | ||
| 942 | |c BK | ||
| 999 | |c 80133 |d 80133 | ||
| 952 | |0 0 |1 0 |4 0 |6 515_630000000000000_SPAV2 |7 0 |9 93601 |a PHY |b PHY |l 0 |o 515.63 SPA-V2 |p PHY01814 |r 2019-09-24 |w 2019-09-24 |y BK | ||